Tilastot visalle Saksa A-Ö

Klikkaa tästä pelataksesi tätä visaa!

Yleistilastot

  • Tätä visaa on pelattu 342 kertaa
  • Keskiarvotulos 15 / 25

Vastaustilastot

VihjeVastaus% Oikein
DSaksa saksaksiDeutschland
93%
I"___ bin ein Berliner"Ich
90%
FSaksan finanssipääkaupunkiFrankfurt
84%
VSuurin autonvalmistajaVolkswagen
84%
ASaksan moottoritieverkostoAutobahn
82%
OBaijerin olutfestivaaliOktoberfest
80%
LSuurin lentoyhtiöLufthansa
76%
MKaupunki, jossa BMW:n päämaja sijaitseeMünchen
74%
RJoki Saksan länsirajallaRein
72%
TValtio, josta on muuttanut eniten ihmisiä SaksaanTurkki
71%
KVilhelm II:n arvonimiKaiser
61%
EHampurin läpi virtaava jokiElbe
59%
PVahvin saksalainen valtio ennen Saksan yhdistymistäPreussi
59%
BPääkaupunki ennen jälleenyhdistymistäBonn
58%
NIhmislaji, joka löydettiin ensin SaksassaNeandertalinihminen
58%
HAla-Saksin pääkaupunkiHannover
53%
YHeidelbergissä sijaitsee Saksan vanhin...Yliopisto
50%
ÖVuonna 2014 jalkapallon MM-kultaa voittamassa
ollut jalkapalloilija
Mesut Özil
48%
JNiemimaa, jonka Saksa ja Tanska jakavatJyllanti
47%
GSaksalainen matemaatikko, jonka mukaan
normaalijakauma on saanut toisen nimensä
Carl Friedrich Gauss
44%
WSaksasta vuosien 1919 ja 1933 käytetty nimiWeimarin tasavalta
44%
CAngela Merkelin puolueen lyhenneCDU
38%
UKaupunki, joka on Einsteinin syntymäpaikka, ja
jossa sijaitsee maailman korkein kirkon torni
Ulm
32%
SSaksaan 1957 liitetty osavaltioSaarland
29%
ZKorkein vuoriZugspitze
28%

Tulosjakauma

Persentiili vastausten määrän mukaan

Jokaisen tuloksen saaneiden osuus

Tuloshistoriasi

Et ole pelannut tätä visaa